000 00605nmm a2200193Ia 4500
008 251105s9999||||xx |||||||||||||||||und||
020 _a9788415893714
041 _aspa
100 _aMoore Fitzgerald, Sarah
245 0 _aUna tarta de manzana llena de esperanza :
_b Siempre queda una miga?
264 _a[Madrid, España] :
_bMaeva Ediciones,
_c2014
300 _a0 páginas
490 _aMaeva Young
650 _aTeen & Young Adult Fiction
700 _aMoore Fitzgerald, Sarah
700 1 _a Fernández Ordás, Sonia
856 _uhttps://public.digitaliapublishing.com/a/31407
942 _cCF
999 _c68997
_d68997